[Event "Berlin Lichtenberger op 12th"]
[Site "Berlin"]
[Date "2013.08.22"]
[Round "6"]
[White "Bieg, Pascal"]
[Black "Fiedler, Wolfgang"]
[Result "0-1"]
[WhiteElo "1859"]
[BlackElo "2012"]
[PlyCount "110"]
[EventDate "2013.08.17"]
[EventType "swiss"]
[EventRounds "9"]
[EventCountry "GER"]
[SourceTitle "CBM 156 Extra"]
[Source "ChessBase"]
[SourceDate "2013.10.22"]
[SourceVersion "1"]
[SourceVersionDate "2013.10.22"]
[SourceQuality "1"]

1. e4 d5 2. exd5 Nf6 3. d4 Nxd5 4. Nf3 g6 5. c4 Nb6 6. Nc3 Bg7 7. c5 Nd5 8. Bc4 Nxc3 9. bxc3 0-0 10. 0-0 b6 11. cxb6 axb6 12. Re1 Nc6 13. Bg5 Ba6 14. Bb3 Qd6 15. Qd2 e6 16. Bh6 Na5 17. Bxg7 Kxg7 18. Qg5 Bb7 19. Qe5+ Kg8 20. Qxd6 cxd6 21. Nd2 d5 22. Nf3 Rfc8 23. Rec1 Kg7 24. Kf1 Ba6+ 25. Ke1 Bc4 26. Bd1 Nc6 27. a3 Ra5 28. Ne5 Nxe5 29. dxe5 Rca8 30. Be2 b5 31. Bxc4 bxc4 32. Kd2 Rxa3 33. Rab1 Ra2+ 34. Ke3 R8a3 35. Rb7 Ra1 36. Rxa1 Rxa1 37. Rb2 Re1+ 38. Kd4 Re4+ 39. Kc5 Rxe5 40. Kd6 Re1 41. Rc2 Rd1 42. g3 Rd3 43. Kc5 h5 44. h4 Kf6 45. Kd6 Rf3 46. Kd7 Kf5 47. Ke7 Ke4 48. Re2+ Kd3 49. Ra2 d4 50. cxd4 c3 51. Ra3 Rxf2 52. Kd6 Rf5 53. Ke7 Kxd4 54. Ra8 c2 55. Ra1 Kd3 0-1

[Event "Berlin Lichtenrade op 08th"]
[Site "Berlin"]
[Date "2012.09.29"]
[Round "1"]
[White "Gruzmann, Boris"]
[Black "Bieg, Pascal"]
[Result "1-0"]
[WhiteElo "2303"]
[BlackElo "1793"]
[PlyCount "65"]
[EventDate "2012.09.29"]
[EventType "swiss"]
[EventRounds "9"]
[EventCountry "GER"]
[SourceTitle "CBM 150 Extra"]
[Source "ChessBase"]
[SourceDate "2012.10.19"]
[SourceVersion "1"]
[SourceVersionDate "2012.10.19"]
[SourceQuality "1"]

1. e4 e6 2. d4 d5 3. e5 c5 4. c3 Nc6 5. Nf3 Qb6 6. a3 Nh6 7. b4 cxd4 8. cxd4 Nf5 9. Be3 f6 10. exf6 gxf6 11. Nc3 Nxe3 12. fxe3 Bh6 13. Kf2 Ne7 14. Bb5+ Bd7 15. Bxd7+ Kxd7 16. Na4 Qb5 17. Nc5+ Kd6 18. e4 Ng6 19. Re1 Rae8 20. a4 Qb6 21. b5 Qc7 22. Ra2 b6 23. Rc2 bxc5 24. dxc5+ Kd7 25. exd5 e5 26. d6 Qa5 27. Qd5 Nf4 28. Qf7+ Kd8 29. Qxf6+ Kc8 30. d7+ Kxd7 31. Qc6+ Ke7 32. Rxe5+ Kf7 33. Rf5+ 1-0

[Event "Berlin Werner Ott op"]
[Site "Berlin"]
[Date "2012.07.13"]
[Round "7"]
[White "Bieg, Pascal"]
[Black "Krefenstein, Sergej"]
[Result "0-1"]
[WhiteElo "1758"]
[BlackElo "2038"]
[PlyCount "74"]
[EventDate "2012.07.07"]
[EventType "swiss"]
[EventRounds "9"]
[EventCountry "GER"]
[SourceTitle "CBM 149 Extra"]
[Source "ChessBase"]
[SourceDate "2012.08.24"]
[SourceVersion "1"]
[SourceVersionDate "2012.08.24"]
[SourceQuality "1"]

1. d4 Nf6 2. Nf3 g6 3. c4 c5 4. d5 b5 5. Qc2 d6 6. e4 bxc4 7. Bxc4 Bg7 8. 0-0 0-0 9. h3 Nbd7 10. Re1 Nb6 11. Bf1 Bb7 12. Nc3 Rb8 13. Rb1 Qd7 14. b3 Nh5 15. Bb2 a6 16. Ne2 Nf6 17. Nd2 e6 18. dxe6 fxe6 19. e5 Nfd5 20. a3 dxe5 21. Ng3 Qc7 22. Nf3 Nd7 23. Bd3 Rbe8 24. h4 Nf4 25. h5 Nxg2 26. Kxg2 Bxf3+ 27. Kg1 Rf4 28. hxg6 h5 29. Be4 Bg4 30. Bc1 Rff8 31. Bg5 Nf6 32. Kg2 Nxe4 33. Nxe4 Rf5 34. Be3 Qe7 35. Qxc5 Qh4 36. Rh1 Bf3+ 37. Kg1 Qxh1# 0-1

[Event "Berlin Werner Ott op"]
[Site "Berlin"]
[Date "2012.07.09"]
[Round "3"]
[White "Bieg, Pascal"]
[Black "Pawlowski, Thomas"]
[Result "0-1"]
[WhiteElo "1758"]
[BlackElo "2055"]
[PlyCount "44"]
[EventDate "2012.07.07"]
[EventType "swiss"]
[EventRounds "9"]
[EventCountry "GER"]
[SourceTitle "CBM 149 Extra"]
[Source "ChessBase"]
[SourceDate "2012.08.24"]
[SourceVersion "1"]
[SourceVersionDate "2012.08.24"]
[SourceQuality "1"]

1. d4 f5 2. g3 g6 3. Bg2 Nf6 4. Nf3 Bg7 5. 0-0 0-0 6. c4 d6 7. Nc3 c6 8. Rb1 a5 9. Qb3 Kh8 10. c5 Ne4 11. Be3 Nxc3 12. bxc3 dxc5 13. dxc5 e5 14. Rfd1 Qc7 15. Rd6 Nd7 16. Rbd1 Nf6 17. Nxe5 Ne8 18. Nxg6+ hxg6 19. Rxg6 Qe7 20. Bd4 Bxd4 21. Rxd4 Kh7 22. Qg8+ Rxg8 0-1

[Event "GER-ch U25 op-A"]
[Site "Oberhof"]
[Date "2012.05.29"]
[Round "5"]
[White "Thumm, Felix"]
[Black "Bieg, Pascal"]
[Result "1/2-1/2"]
[WhiteElo "1526"]
[BlackElo "1708"]
[PlyCount "96"]
[EventDate "2012.05.27"]
[EventType "swiss"]
[EventRounds "9"]
[EventCountry "GER"]
[SourceTitle "CBM 148 Extra"]
[Source "ChessBase"]
[SourceDate "2012.06.22"]
[SourceVersion "1"]
[SourceVersionDate "2012.06.22"]
[SourceQuality "1"]

1. d4 Nf6 2. f4 d5 3. Nf3 c5 4. c3 cxd4 5. cxd4 Bf5 6. Nbd2 e6 7. e3 Nbd7 8. Be2 Be7 9. Ne5 h5 10. Nxd7 Qxd7 11. Nf3 Kf8 12. Bd2 Rc8 13. Qb3 Bc2 14. Qb5 Qxb5 15. Bxb5 Bf5 16. 0-0 a6 17. Ba4 g6 18. Rac1 Kg7 19. Ne5 b5 20. Bb3 Bd6 21. Nf3 Bd3 22. Rfe1 Be4 23. Ng5 Bf5 24. Nf3 Ne4 25. Ba5 Kf6 26. Ne5 Bxe5 27. dxe5+ Ke7 28. Bb4+ Kd7 29. a4 Rxc1 30. Rxc1 Rc8 31. Ra1 Kc6 32. h3 Kb7 33. axb5 axb5 34. Bd1 Nc5 35. Rc1 Nd3 36. Rxc8 Kxc8 37. Bc3 Kb7 38. Be2 Kc6 39. Bd4 b4 40. Bxd3 Bxd3 41. Kf2 Kb5 42. g3 Kc4 43. h4 Kb3 44. Bc5 Bb5 45. Bd4 Kc2 46. Bc5 b3 47. Bd4 Kd3 48. Bc3 Kc2 1/2-1/2

[Event "GER-ch U25 op-A"]
[Site "Oberhof"]
[Date "2012.05.28"]
[Round "3"]
[White "Diller, Daniel"]
[Black "Bieg, Pascal"]
[Result "1/2-1/2"]
[WhiteElo "1866"]
[BlackElo "1708"]
[PlyCount "43"]
[EventDate "2012.05.27"]
[EventType "swiss"]
[EventRounds "9"]
[EventCountry "GER"]
[SourceTitle "CBM 148 Extra"]
[Source "ChessBase"]
[SourceDate "2012.06.22"]
[SourceVersion "1"]
[SourceVersionDate "2012.06.22"]
[SourceQuality "1"]

1. c4 Nf6 2. g3 g6 3. Bg2 Bg7 4. Nc3 0-0 5. e4 c5 6. Nge2 Nc6 7. 0-0 d6 8. d3 a6 9. h3 Rb8 10. a4 Ne8 11. Be3 Nc7 12. d4 cxd4 13. Nxd4 Ne6 14. Nde2 Nc5 15. f4 Na5 16. b4 Nxc4 17. Bxc5 dxc5 18. Qxd8 Rxd8 19. bxc5 Ne3 20. Rfc1 Nxg2 21. Kxg2 Bd7 22. Rd1 1/2-1/2

[Event "Berlin Lichtenberger op 10th"]
[Site "Berlin"]
[Date "2011.08.20"]
[Round "8"]
[White "Bieg, Pascal"]
[Black "Herrmann, Eberhard"]
[Result "1-0"]
[WhiteElo "1751"]
[BlackElo "1876"]
[PlyCount "83"]
[EventDate "2011.08.13"]
[EventType "swiss"]
[EventRounds "9"]
[EventCountry "GER"]
[SourceTitle "CBM 143 Extra"]
[Source "ChessBase"]
[SourceDate "2011.08.29"]
[SourceVersion "1"]
[SourceVersionDate "2011.08.29"]
[SourceQuality "1"]

1. d4 d5 2. c4 e6 3. Nc3 Nf6 4. Bg5 Be7 5. e3 a6 6. Nf3 Nbd7 7. Qc2 0-0 8. Rc1 dxc4 9. Bxc4 b5 10. Bd3 Bb7 11. Ne4 Rc8 12. Nxf6+ Bxf6 13. Bxh7+ Kh8 14. Bxf6 Nxf6 15. Bd3 Bxf3 16. gxf3 Qd5 17. Ke2 e5 18. dxe5 Qxe5 19. Rhg1 c5 20. Rg3 c4 21. Rh3+ Nh5 22. Bf5 g6 23. Bxc8 Rxc8 24. Qc3 Qxc3 25. bxc3 Kg7 26. Rh4 Re8 27. Rd1 a5 28. Rd5 Rb8 29. Rhd4 a4 30. a3 Rb6 31. Rc5 Nf6 32. Rd1 Rb8 33. Rb1 Rh8 34. Rbxb5 Rxh2 35. Rxc4 Nh5 36. Rg4 Rh1 37. Rxa4 Rc1 38. c4 Rc2+ 39. Kd3 Rxf2 40. c5 Nf6 41. c6 Rf1 42. c7 1-0

[Event "Berlin-ch qualification"]
[Site "Berlin-Lichtenrade"]
[Date "2011.04.28"]
[Round "6.19"]
[White "Bieg, Pascal"]
[Black "Mueller, Reinhard"]
[Result "0-1"]
[WhiteElo "1841"]
[BlackElo "2075"]
[PlyCount "38"]
[EventDate "2011.04.23"]
[EventType "swiss"]
[EventRounds "9"]
[EventCountry "GER"]
[SourceTitle "EXT 2022"]
[Source "ChessBase"]
[SourceDate "2021.10.06"]
[SourceVersion "1"]
[SourceVersionDate "2021.10.06"]
[SourceQuality "1"]

1. d4 e6 2. c4 f5 3. Nf3 Nf6 4. g3 Be7 5. Bg2 0-0 6. 0-0 d6 7. b3 Qe8 8. Bb2 Qh5 9. Nbd2 Nc6 10. Ne1 e5 11. d5 Nd8 12. e4 Qh6 13. Rc1 Nf7 14. b4 Ng5 15. exf5 Bxf5 16. c5 Bh3 17. cxd6 Bxd6 18. Nc4 Ng4 19. Bf3 Nxh2 0-1

[Event "Berlin-ch qualification"]
[Site "Berlin-Lichtenrade"]
[Date "2011.04.24"]
[Round "2.4"]
[White "Welz, Peter"]
[Black "Bieg, Pascal"]
[Result "1-0"]
[WhiteElo "2138"]
[BlackElo "1841"]
[PlyCount "31"]
[EventDate "2011.04.23"]
[EventType "swiss"]
[EventRounds "9"]
[EventCountry "GER"]
[SourceTitle "EXT 2022"]
[Source "ChessBase"]
[SourceDate "2021.10.06"]
[SourceVersion "1"]
[SourceVersionDate "2021.10.06"]
[SourceQuality "1"]

1. e4 c5 2. Nc3 d6 3. g3 g6 4. Bg2 Bg7 5. d3 Nc6 6. Be3 Nf6 7. h3 0-0 8. Nge2 e5 9. 0-0 h6 10. f4 Bd7 11. Qd2 Kh7 12. Rf2 Qc8 13. Kh2 Ng8 14. f5 gxf5 15. exf5 Bxf5 16. Rxf5 1-0